|
|
|
|
| LEADER |
00000cam a2200000 4500 |
| 001 |
vtls012010970 |
| 003 |
SK-MaSNL |
| 005 |
20260425225601.0 |
| 008 |
220509s2020 xo daolfrnp 000 0 eng |
| 015 |
|
|
|a SNBA2021/05
|
| 020 |
|
|
|a 9788022349413
|q (brožované)
|
| 035 |
|
|
|a urn:nbn:sk:snk-am00ggiy
|
| 035 |
|
|
|a urn:nbn:sk:snk-am3j7if
|
| 035 |
|
|
|a 52B39FE8-48FA-46EC-95EE-C0FEE2DE38C5
|
| 040 |
|
|
|a SNK
|b slo
|c SNK
|e rda
|
| 041 |
0 |
|
|a eng
|
| 044 |
|
|
|a xo
|c SK
|
| 072 |
|
7 |
|a 811.111
|x Angličtina
|2 konspekt
|
| 072 |
|
7 |
|a 61
|x Lekárske vedy. Medicína
|2 konspekt
|
| 072 |
|
7 |
|a 37.016
|x Učebné osnovy. Vyučovacie predmety. Učebnice
|2 konspekt
|
| 080 |
|
|
|a 811.111
|2 2011
|
| 080 |
|
|
|a 61
|2 2011
|
| 080 |
|
|
|a 81'373.46
|2 2011
|
| 080 |
|
|
|a (075.8)
|2 2011
|
| 080 |
|
|
|a 81'373.46:61
|2 2011
|
| 080 |
|
|
|a 61:001.4
|2 2011
|
| 080 |
|
|
|a (07.062)81
|2 2011
|
| 100 |
1 |
|
|a Džuganová, Božena,
|d 1955-
|4 aut
|9 197134
|
| 245 |
1 |
0 |
|a English in General Medicine
|c Božena Džuganová, Petra Zrníková
|
| 250 |
|
|
|a Tretie prepracované vydanie
|
| 264 |
|
1 |
|a V Bratislave
|b Vydavateľstvo UK
|b Univerzita Komenského v Bratislave, Jesseniova lekárska fakulta Univerzity Komenského v Martine
|c 2020
|
| 300 |
|
|
|a 243 strán
|b fotografie, grafy, ilustrácie
|c 29 cm
|
| 336 |
|
|
|a text
|b txt
|2 rdacontent
|
| 337 |
|
|
|a bez média
|b n
|2 rdamedia
|
| 338 |
|
|
|a zväzok
|b nc
|2 rdacarrier
|
| 366 |
|
|
|e 300 kusov
|
| 500 |
|
|
|a Obsahuje kľúč k cvičeniam
|
| 500 |
|
|
|a Nad názvom: Jesseniova lekárska fakulta Univerzity Komnského v Martine
|
| 504 |
|
|
|a Bibliografia na strane 242-243 ; anglicko-slovenský slovník
|
| 650 |
0 |
7 |
|a angličtina
|2 SNKPH
|9 1260
|
| 650 |
0 |
7 |
|a všeobecná medicína
|2 SNKPH
|9 918
|
| 650 |
0 |
7 |
|a odborná terminológia
|2 SNKPH
|9 3616
|
| 650 |
0 |
7 |
|a English language
|2 SNKPHeng
|9 279139
|
| 650 |
0 |
7 |
|a General medicine
|2 SNKPHeng
|9 266422
|
| 650 |
0 |
7 |
|a Terminology (professional)
|2 SNKPHeng
|9 90966
|
| 650 |
0 |
7 |
|a lekárska terminológia
|2 SNKPH
|9 75146
|
| 650 |
0 |
7 |
|a Medical terminology
|2 SNKPHeng
|9 327224
|
| 655 |
|
7 |
|a učebnice vysokých škôl
|2 SNKPH
|9 70191
|
| 655 |
|
7 |
|a Textbooks (higher)
|2 SNKPHeng
|9 276436
|
| 655 |
|
7 |
|a jazykové učebnice
|2 SNKPH
|9 115083
|
| 655 |
|
7 |
|a Language textbooks
|2 SNKPHeng
|9 307376
|
| 700 |
1 |
|
|a Zrníková, Petra,
|d 1984-
|4 aut
|9 241291
|
| 710 |
2 |
|
|a Univerzita Komenského v Bratislave.
|b Jesseniova lekárska fakulta v Martine
|4 pbl
|9 122679
|
| 752 |
|
|
|a Slovensko
|d Bratislava
|
| 919 |
|
|
|a 978-80-223-4941-3
|
| 958 |
|
|
|a MI
|
| 958 |
|
|
|a NB
|
| 958 |
|
|
|a UC
|
| 999 |
|
|
|c 653262
|d 655192
|
| 952 |
|
|
|a SNK
|b SNK
|y PREZ
|7 0
|p 17A1449846
|o snkSB 96297
|i snk2021/893
|8 0
|0 0
|1 0
|4 0
|d 2021-02-23
|f 1
|l 0
|r 2025-05-19 00:00:00
|w 2026-02-23
|
| 952 |
|
|
|a SNK
|b SNK
|y VYP
|7 0
|p 17A1449847
|o snkSB 96297 D1
|i snk2021/894
|8 0
|0 0
|1 0
|4 0
|d 2021-02-23
|l 0
|r 2026-02-23 18:28:08
|w 2026-02-23
|